Responses for Show #8824 - Thursday, March 9, 2023

2023 High School Reunion Tournament final game 2.

Contestants

[<< previous game]

Justin Bolsen, a first-year student at Brown University from Canton, Georgia (subtotal of $13,570)

Maya Wright, a senior at Emory University from Peachtree City, Georgia (subtotal of $3,370)

Jackson Jones, a junior at Vanderbilt University from Louisville, Kentucky (subtotal of $24,000)

[next game >>]

Jeopardy! Round responses

COLLEGE SPORTS STUFF
THE LONG-AGO 20th CENTURY
CAN WE "DIS"CUSS?
A BUSINESS, MAJOR
ONE-SYLLABLE BODY PARTS
LET'S GET DIRTY
    $200 30
the Final Four

Justin
    $200 29
suffragette

Maya
    $200 28
a disciple

Jackson
    $200 22
Pizza Hut

Maya
    $200 25
the throat

Justin
    $200 24
filthy

Maya
    $400 16
the Big Ten

Jackson
    $400 27
the League of Nations

Justin
    $400 26
discontent

Jackson
    $400 21
Shell

Justin
    $400 13
the arch

Jackson
    $400 23
Dirty Jobs

Justin
    $600 12
the College World Series

Jackson
    $600 15
Truman

Justin
    $600 14
a disclosure

Jackson
    $600 20
Farmers

Justin
    $600 6
a disc

Maya
    $600 19
(Jackson: What is a Hoover?)
(Justin: What is Dyson?)
(Maya: What is a Dirt Devil?)

Dust Buster

JacksonMayaJustin
Triple Stumper
    $800 10
Georgia

Justin
    $800 2
Northern Ireland

Jackson
    $800 3
a discontinuity

Jackson
    $800 9
Sprint

Jackson
    $800 5
lobe

Maya
    $800 18
George Carlin

Jackson
    $1000 11
wrestling

Justin
    $1000 1
[Maya selected the first clue.]

the assembly line

Justin
    $1000 7
disorderly

Jackson
    $1000 8
(Justin: What is Peloton?)

Mirror

Justin
Triple Stumper
    $1,600 4
(Jackson: What is the liver?)

the spleen

Jackson
    $1000 17
(Justin: What is gumbo?)
(Jackson: What is jambalaya?)

rice

JacksonMayaJustin

Scores at the first commercial break (after clue 15):

Jackson Maya Justin
$3,400 $1,400 $2,400

Scores at the end of the Jeopardy! Round:

Jackson Maya Justin
$3,600 $2,400 $3,000

Double Jeopardy! Round responses

FIRST WORDS
4-LETTER GEOGRAPHY
THERE'S A NAME IN THE TITLE
INSIDE BALLET & OPERA
YOU, ROBOT
TAKE ME TO YOUR LEADER
    $400 24
an initial

Jackson
    $400 22
Maui

Justin
    $400 28
Emma

Justin
    $400 27
arms

Maya
    $400 21
Rick Sanchez

Justin
    $400 30
a conductor

Jackson
    $800 23
(Jackson: What is a graduation?)

commencement

Jackson
Triple Stumper
    $800 7
Riga

Jackson
    $800 25
Daisy Miller

Jackson
    $800 26
mezzo-soprano

Justin
    $800 20
Volkswagen

Justin
    $800 29
World War I

Jackson
    $1200 16
(Jackson: What is a prototype?)

original

JacksonMaya
    $1200 6
Fiji

Jackson
    $1200 8
Troilus and Cressida

Jackson
    $1200 17
the Bolshoi

Jackson
    $1200 15
EVE

Justin
    $3,000 12
queen regent

Maya
    $1600 2
open

Triple Stumper
    $1600 5
(Jackson: What is the Elbe?)

Ruhr

Jackson
Triple Stumper
    $1600 9
Asher Lev

Triple Stumper
    $3,200 18
(Jackson: [No response])

an overture

Jackson
    $1600 14
the Bounty Hunter Guild

Maya
    $1600 11
the high priest

Maya
    $2000 1
basal

Triple Stumper
    $2000 4
Vail

Justin
    $2000 10
Lysistrata

Jackson
    $2000 19
staccato

Maya
    $2000 13
Big Hero 6

Maya
    $2000 3
a consul

Justin

Scores at the end of the Double Jeopardy! Round:

Jackson Maya Justin
$5,600 $14,200 $11,000

[wagering suggestions for these scores]

Final Jeopardy! Round responses

LANDMARKS
(Mayim: [To Jackson] French writers and artists hurled insults at it, but the public loved [*].)
JacksonWhat is the Eiffel Tower? ♡ you all!
$5,598
JustinWhat is the Eiffel Tower? hi dad:)
$10,991
MayaWhat is the Eiffel Tower?
$7,040
the Eiffel Tower

Final scores:

Jackson Maya Justin
$11,198 $21,240 $21,991

Cumulative scores:

Jackson Maya Justin
$35,198 $24,610 $35,561
1st runner-up: $50,000 2nd runner-up: $25,000 Tournament champion: $100,000

Game dynamics:

Coryat scores:

Jackson Maya Justin
$10,400 $12,400 $11,000
20 R,
7 W
(including 2 DDs)
13 R
(including 1 DD),
1 W
18 R,
3 W

Combined Coryat: $33,800

[game clues] [game scores] [suggest correction]

Game tape date: 2023-01-31
The J! Archive is created by fans, for fans. Scraping, republication, monetization, and malicious use prohibited; this site may use cookies and collect identifying information. See terms. The Jeopardy! game show and all elements thereof, including but not limited to copyright and trademark thereto, are the property of Jeopardy Productions, Inc. and are protected under law. This website is not affiliated with, sponsored by, or operated by Jeopardy Productions, Inc. Join the discussion at JBoard.tv.